000 00400nam a2200157Ia 4500
008 230524s9999 xx 000 0 und d
082 _a621.38
_bHAM
100 _aFred Halsall
245 0 _a"Data Communication, Computer Networks and Open System"
250 _a4TH
260 _aNEW DELHI
_bPearson
_c2002
300 _aXV;901
500 _aQuantity Number: 2
650 _aComp-Sc
942 _cBK
999 _c31576
_d31576